000 00429nam a2200169Ia 4500
008 230524s9999 xx 000 0 und d
020 _a9781612680453
082 _bKIY
100 _aRobert T. Kiyosaki
_941754
245 0 _aRich Dad's Who Took My Money
250 _a1
260 _aUnited States of America
_bPlata
_c2012
300 _a243p;
500 _aQuantity Number: 1
650 _aMisalliance
_941755
942 _cBK
999 _c56201
_d56201